| 000 | 00436nam a22001817a 4500 | ||
|---|---|---|---|
| 005 | 20260402103142.0 | ||
| 008 | 260402b |||||||| |||| 00| 0 eng d | ||
| 020 | _a9788193547250 | ||
| 041 | _aEnglish | ||
| 082 | _a342.5406 TAK | ||
| 100 | _a Takwani, C.K | ||
| 245 | _a Lectures on Administrative Law. | ||
| 250 | _a6th. | ||
| 260 |
_a Lucknow _b:EBC, _c2018. |
||
| 300 | _a552 p. | ||
| 650 | _aAdministrative Law | ||
| 942 | _cDB | ||
| 999 |
_c9575 _d9575 |
||